<?xml version="1.0" encoding="UTF-8"?>
<record
    xmlns:xsi="http://www.w3.org/2001/XMLSchema-instance"
    xsi:schemaLocation="http://www.loc.gov/MARC21/slim http://www.loc.gov/standards/marcxml/schema/MARC21slim.xsd"
    xmlns="http://www.loc.gov/MARC21/slim">

  <leader>01349nam a22002537a 4500</leader>
  <controlfield tag="005">20170124102951.0</controlfield>
  <datafield tag="010" ind1=" " ind2=" ">
    <subfield code="a">A-423877</subfield>
  </datafield>
  <datafield tag="020" ind1=" " ind2=" ">
    <subfield code="c">100.00</subfield>
  </datafield>
  <datafield tag="035" ind1=" " ind2=" ">
    <subfield code="a">A-423877</subfield>
  </datafield>
  <datafield tag="037" ind1=" " ind2=" ">
    <subfield code="b">Cen Lib/Ret</subfield>
  </datafield>
  <datafield tag="040" ind1=" " ind2=" ">
    <subfield code="a">DPL</subfield>
    <subfield code="b">HN</subfield>
  </datafield>
  <datafield tag="082" ind1=" " ind2=" ">
    <subfield code="a">821.08</subfield>
    <subfield code="b">&#x928;&#x93E;&#x930;&#x902;&#x917;</subfield>
  </datafield>
  <datafield tag="100" ind1=" " ind2=" ">
    <subfield code="a">&#x928;&#x93E;&#x930;&#x902;&#x917;, &#x917;&#x94B;&#x92A;&#x940; &#x91A;&#x93E;&#x901;&#x926; </subfield>
    <subfield code="9">51661</subfield>
  </datafield>
  <datafield tag="245" ind1=" " ind2=" ">
    <subfield code="a">&#x905;&#x92E;&#x940;&#x930; &#x916;&#x941;&#x938;&#x930;&#x94B; &#x915;&#x93E; &#x939;&#x93F;&#x928;&#x94D;&#x926;&#x935;&#x940; &#x915;&#x93E;&#x935;&#x94D;&#x92F; :</subfield>
    <subfield code="c">&#x917;&#x94B;&#x92A;&#x940; &#x91A;&#x93E;&#x901;&#x926; &#x928;&#x93E;&#x930;&#x902;&#x917;</subfield>
    <subfield code="b">&#x936;&#x93F;&#x92A;&#x94D;&#x930;&#x902;&#x917;&#x930; &#x938;&#x902;&#x917;&#x94D;&#x930;&#x939; &#x915;&#x940; &#x92C;&#x930;&#x94D;&#x932;&#x93F;&#x928; &#x92A;&#x94D;&#x930;&#x924;&#x93F; &#x938;&#x939;&#x93F;&#x924; /</subfield>
  </datafield>
  <datafield tag="246" ind1=" " ind2=" ">
    <subfield code="a">Ameer Khusro ka Hindvi kavya : shiprangar sangreh ki barlin prati sahit /</subfield>
    <subfield code="b">by Gopi Chand Narang</subfield>
  </datafield>
  <datafield tag="260" ind1=" " ind2=" ">
    <subfield code="a">&#x936;&#x93F;&#x915;&#x93E;&#x917;&#x94B; </subfield>
    <subfield code="b">&#x905;&#x92E;&#x940;&#x930; &#x916;&#x941;&#x938;&#x930; &#x938;&#x94B;&#x938;&#x93F;&#x930;&#x94D;&#x91F;&#x940; &#x911;&#x92B;&#x93C; &#x905;&#x92E;&#x947;&#x930;&#x93F;&#x915;&#x93E; </subfield>
    <subfield code="c">1990</subfield>
  </datafield>
  <datafield tag="270" ind1=" " ind2=" ">
    <subfield code="a">&#x92B;&#x93F;&#x928;&#x947; &#x906;&#x930;&#x94D;&#x91F;&#x94D;&#x938; &#x92D;&#x93F;&#x932;&#x94D;&#x921;&#x93F;&#x902;&#x917;, 410 &#x90F;&#x938;. &#x92E;&#x93F;&#x936;&#x93F;&#x917;&#x928; &#x90F;&#x935;, &#x938;&#x941;&#x908;&#x920;&#x947; 739</subfield>
    <subfield code="b">&#x936;&#x93F;&#x915;&#x93E;&#x917;&#x94B; </subfield>
    <subfield code="e">60605-1401</subfield>
  </datafield>
  <datafield tag="300" ind1=" " ind2=" ">
    <subfield code="a">148&#x92A;&#x943;.</subfield>
    <subfield code="c">21&#x938;&#x947;&#x92E;&#x940;(&#x938;&#x91C;&#x93F;&#x932;&#x94D;&#x926;)</subfield>
  </datafield>
  <datafield tag="650" ind1=" " ind2=" ">
    <subfield code="a">&#x939;&#x93F;&#x902;&#x926;&#x940; &#x938;&#x93E;&#x939;&#x93F;&#x924;&#x94D;&#x92F;</subfield>
    <subfield code="9">51662</subfield>
  </datafield>
  <datafield tag="650" ind1=" " ind2=" ">
    <subfield code="a">&#x939;&#x93F;&#x902;&#x926;&#x940; &#x938;&#x93E;&#x939;&#x93F;&#x924;&#x94D;&#x92F; -- &#x939;&#x93F;&#x902;&#x926;&#x940; &#x915;&#x935;&#x93F;&#x924;&#x93E; </subfield>
    <subfield code="9">51663</subfield>
  </datafield>
  <datafield tag="650" ind1=" " ind2=" ">
    <subfield code="a">Hindi literature </subfield>
    <subfield code="9">51664</subfield>
  </datafield>
  <datafield tag="650" ind1=" " ind2=" ">
    <subfield code="a">Hindi literature -- Hindi poetry </subfield>
    <subfield code="9">51665</subfield>
  </datafield>
  <datafield tag="942" ind1=" " ind2=" ">
    <subfield code="2">ddc</subfield>
    <subfield code="c">HN</subfield>
    <subfield code="h">821.08</subfield>
    <subfield code="m">&#x928;&#x93E;&#x930;&#x902;&#x917;</subfield>
  </datafield>
  <datafield tag="999" ind1=" " ind2=" ">
    <subfield code="c">113314</subfield>
    <subfield code="d">113314</subfield>
  </datafield>
  <datafield tag="952" ind1=" " ind2=" ">
    <subfield code="0">0</subfield>
    <subfield code="1">0</subfield>
    <subfield code="4">0</subfield>
    <subfield code="7">0</subfield>
    <subfield code="a">L</subfield>
    <subfield code="b">L</subfield>
    <subfield code="d">2015-08-12</subfield>
    <subfield code="e">Cen Lib/Ret</subfield>
    <subfield code="g">100.00</subfield>
    <subfield code="l">3</subfield>
    <subfield code="o">821.08 &#x928;&#x93E;&#x930;&#x902;&#x917;</subfield>
    <subfield code="p">A-423877</subfield>
    <subfield code="r">2018-12-17 00:00:00</subfield>
    <subfield code="s">2018-12-04</subfield>
    <subfield code="t">1</subfield>
    <subfield code="v">100.00</subfield>
    <subfield code="w">2015-08-12</subfield>
    <subfield code="y">HN</subfield>
  </datafield>
</record>
